| 000 | 01071nam a2200301 i 4500 | ||
|---|---|---|---|
| 001 | 112951 | ||
| 003 | ES-MaACL | ||
| 005 | 20250828063251.0 | ||
| 007 | t| | ||
| 008 | 061121e1981 sp |rl 00110 spa | ||
| 017 |
_aM 34552-1981 _bOficina Depósito Legal Madrid |
||
| 020 | _a84-7130-337-X | ||
| 080 | _a351.83(46)"19"(094.5) | ||
| 110 | 1 |
_aEspaña _93622 |
|
| 245 | 0 | 0 |
_aNuevas normas laborales : _bselección y notas de Efrén Borrajo Dacruz |
| 260 |
_aMadrid : _bEditoriales de Derecho Reunidas, _c1981 |
||
| 300 |
_aXX, 615 p. ; _c19 cm |
||
| 490 | 1 |
_aSerie Textos legales _9242114 |
|
| 594 | _aPrecede al título: Departamento de Derecho del Trabajo. Facultad de Ciencias Económicas y Empresariales (UCM) | ||
| 650 | 4 |
_aDerecho laboral- _zEspaña _911726 |
|
| 655 | 4 |
_aLegislación _9226283 |
|
| 700 | 1 |
_aBorrajo Dacruz, Efrén, _d1928-2022 _epbl _eann _930547 |
|
| 830 | 0 |
_9242114 _aSerie Textos legales |
|
| 852 | 4 |
_aES-MaACL _bR.102292 _cDEPO2 _jL-1693 |
|
| 942 |
_2udc _cMONOGRAFIA _n0 |
||
| 999 |
_c112951 _d112951 |
||